[Event "Altensteig"]
[Site "Altensteig"]
[Date "1995.??.??"]
[Round "2"]
[White "Dautov, Rustem"]
[Black "Vogt, Lothar"]
[Result "1-0"]
[WhiteElo "2620"]
[BlackElo "2475"]

1.d4 Nf6 2.Nf3 g6 3.c4 Bg7 4.Nc3 O-O 5.e4 d6 6.Be2 e5 7.O-O Nbd7 8.Qc2 c6
9.d5 c5 10.a3 Ne8 11.b4 b6 12.Bd3 Bf6 13.Bh6 Ng7 14.h3 Be7 15.Rab1 Kh8 16.Nb5 Nf6
17.bxc5 bxc5 18.Rfd1 Ng8 19.Be3 f5 20.Nxe5 dxe5 21.d6 Bg5 22.Bxc5 Ne6 23.Bb4 a6
24.exf5 gxf5 25.Bxf5 axb5 26.d7 Nd4 27.Rxd4 Rxf5 28.Ba5 Qf8 29.d8=Q Bxd8
30.Rxd8 Qf7 31.Rxb5 Rg5 32.Bc3 Bxh3 33.Rxe5 Rxg2+ 34.Kh1 Rxd8 35.Re7+  1-0

[Event "Altensteig"]
[Site "Altensteig"]
[Date "1995.??.??"]
[Round "9"]
[White "Bischoff, Klaus"]
[Black "Vogt, Lothar"]
[Result "1/2-1/2"]
[WhiteElo "2550"]
[BlackElo "2475"]

1.d4 Nf6 2.c4 g6 3.Nc3 Bg7 4.e4 d6 5.Nf3 O-O 6.Be2 Nbd7 7.O-O e5 8.Qc2 Nh5
9.Rd1 Nf4 10.Bf1 c5 11.dxe5 dxe5 12.Nd5 Ne6 13.a3 Nd4 14.Nxd4 cxd4 15.b4 Nb6
16.Bd3 Bd7 17.Qe2  1/2-1/2

[Event "Donner mem op"]
[Site "Amsterdam"]
[Date "1995.??.??"]
[Round "8"]
[White "Oosterom, Erik"]
[Black "Mittelman, Gur"]
[Result "1-0"]
[WhiteElo "2205"]
[BlackElo "2375"]

1.d4 Nf6 2.c4 g6 3.Nc3 Bg7 4.e4 d6 5.Nf3 O-O 6.Be2 e5 7.O-O Na6 8.Be3 Ng4
9.Bg5 Qe8 10.dxe5 dxe5 11.h3 h6 12.Bc1 Nf6 13.Be3 Nh5 14.Re1 Nf4 15.Bf1 Ne6
16.a3 b6 17.b4 Bb7 18.Ra2 Rd8 19.Rd2 c6 20.c5 bxc5 21.Qa4 Rxd2 22.Nxd2 Qc8
23.Nc4 Rd8 24.Na5 Nb8 25.bxc5 Ba6 26.Nxc6 Qxc6 27.Qxc6 Nxc6 28.Bxa6 Bf8 29.Bb7 Ncd4
30.c6 Bxa3 31.Nd5 Nc2 32.Rd1 Ncd4 33.Bxd4 exd4 34.c7 Nxc7 35.Nxc7 Rd7 36.Nb5 Rxb7
37.Nxa3 Rb3 38.Nc4  1-0

[Event "Andorra op"]
[Site "Andorra"]
[Date "1995.??.??"]
[Round "2"]
[White "Komarov, Dimitri"]
[Black "Boix Moreno, Daniel"]
[Result "1-0"]
[WhiteElo "2575"]
[BlackElo "2215"]

1.d4 Nf6 2.Nf3 g6 3.c4 Bg7 4.Nc3 O-O 5.e4 d6 6.Be2 e5 7.Be3 Ng4 8.Bg5 f6
9.Bh4 Nc6 10.d5 Ne7 11.Nd2 Nh6 12.f3 g5 13.Bf2 Ng6 14.Qc2 f5 15.g3 g4 16.fxg4 fxg4
17.Be3 Nf7 18.O-O-O Bd7 19.Rdf1 a6 20.c5 Bh6 21.Qd3 Bg5 22.Kb1 Be7 23.c6 bxc6
24.dxc6 Bc8 25.Nc4 Ng5 26.Bc1 Nh3 27.Bh6 Rxf1+ 28.Rxf1 Be6 29.Ne3 Bg5 30.Bxg4 Qe8
31.Ncd5 Ngf4 32.gxf4 Nxf4 33.Rxf4 exf4 34.Bxg5  1-0

[Event "Andorra op"]
[Site "Andorra"]
[Date "1995.??.??"]
[Round "6"]
[White "Oms Pallise, Josep"]
[Black "Videki, Sandor"]
[Result "0-1"]
[WhiteElo "2350"]
[BlackElo "2455"]

1.Nf3 Nf6 2.c4 d6 3.Nc3 g6 4.d4 Bg7 5.e4 O-O 6.Be2 e5 7.O-O exd4 8.Nxd4 Re8
9.f3 Nc6 10.Be3 Nh5 11.f4 Nf6 12.Bf3 Bg4 13.Nxc6 Bxf3 14.Qxf3 bxc6 15.Rad1 Nxe4
16.Nxe4 Qe7 17.Nxd6 Qxe3+ 18.Qxe3 Rxe3 19.Nb7 Rb8 20.Nc5 Rxb2 21.Rf2 Kf8
22.Rxb2 Bxb2 23.Nd3 Bd4 24.Kf1 c5 25.Rd2 h5 26.g3 Kg7 27.Ne5 Rc3 28.Nc6 Rxc4
29.Nxa7 Ra4 30.Nb5 c6 31.Nd6 Rb4 32.Rc2 h4 33.Kg2 f5 34.Nc4 Kf6 35.Ne5 Ke6
36.Nxc6 Rb6 37.Nxd4+ cxd4 38.Kf3 Kd5 39.Rc8 Re6 40.a4 d3 41.a5 Kd4 42.Ra8 d2
43.Rd8+ Kc3 44.Rc8+ Kd3 45.Rd8+ Kc2 46.Rc8+ Kd1 47.Kf2 Re2+ 48.Kf1 Re3 49.a6 Rf3+
50.Kg2 Ke2 51.Re8+ Re3  0-1

[Event "Ankara zt"]
[Site "Ankara"]
[Date "1995.??.??"]
[Round "3"]
[White "Nikolaidis, Ioannis"]
[Black "Kotronias, Vasilios"]
[Result "1/2-1/2"]
[WhiteElo "2505"]
[BlackElo "2570"]

1.d4 Nf6 2.c4 g6 3.Nc3 Bg7 4.e4 d6 5.Be2 O-O 6.Nf3 e5 7.Be3 exd4 8.Nxd4 Re8
9.f3 c6 10.Bf2 d5 11.exd5 cxd5 12.O-O Nc6 13.c5 Nh5 14.Qd2 Be5 15.g3 Bh3
16.Rfe1 Qd7 17.f4 Bxd4 18.Bxd4 Bg4 19.Bf1 Bh3 20.Be2 Bg4 21.Bb5 Qf5 22.Rxe8+ Rxe8
23.Bxc6 bxc6 24.Re1 Re6 25.Re5  1/2-1/2

[Event "Ankara zt"]
[Site "Ankara"]
[Date "1995.??.??"]
[Round "5"]
[White "Giorgadze, Giorgi"]
[Black "Kotronias, Vasilios"]
[Result "1/2-1/2"]
[WhiteElo "2590"]
[BlackElo "2570"]

1.d4 Nf6 2.c4 g6 3.Nc3 Bg7 4.e4 d6 5.Nf3 O-O 6.Be2 e5 7.Be3 c6 8.d5 Ng4 9.Bg5 f6
10.Bh4 h5 11.Nd2 Nh6 12.f3 Nf7 13.Bf2 Na6 14.a3 c5 15.b4 b6 16.bxc5 dxc5
17.Nb5 Nc7 18.a4 a5 19.O-O  1/2-1/2

[Event "Ano Liosia op"]
[Site "Ano Liosia"]
[Date "1995.??.??"]
[Round "5"]
[White "Kalesis, Nikolaos"]
[Black "Nikolaidis, Ioannis"]
[Result "0-1"]
[WhiteElo "2410"]
[BlackElo "2495"]

1.d4 Nf6 2.c4 g6 3.Nc3 Bg7 4.e4 O-O 5.Nf3 d6 6.Be2 e5 7.Be3 Ng4 8.Bg5 f6
9.Bh4 Nc6 10.d5 Ne7 11.Nd2 f5 12.Bxg4 fxg4 13.Bg5 c5 14.Rb1 h6 15.Be3 g5
16.b4 b6 17.bxc5 dxc5 18.a4 a5 19.Nf1 Ng6 20.Ng3 Nh4 21.O-O Rf6 22.Rb3 Bf8
23.Qe2 Ra6 24.Rfb1 Bd7 25.Nh5 Rg6 26.Nb5 Qb8 27.Bd2 Bd6 28.Bc3 Qe8 29.Qb2 Bb8
30.d6 Re6 31.Ng3 Bxd6 32.Nxd6 Rxd6 33.Bxe5 Re6 34.Bh8 Qf7 35.Rd3 Ng6 36.Bc3 Nf4
37.Rd2 Ra8 38.Qc2 Rf8 39.Ba1 Bc8 40.Rbd1 Kh7 41.Nf5 Qg8 42.Kf1 Ng6 43.Ng7 Re7
44.Nh5 Ne5 45.Bxe5 Rxe5 46.Qc3 Qh8 47.Rd6 Rxf2+ 48.Kg1 Rf8 49.Rxb6 Re6 50.Qxa5 Qe5
51.Ng3 Qf6 52.Rxe6 Qf2+ 53.Kh1 Bxe6 54.Qc7+ Rf7 55.Qd6 Rd7 56.Qxd7+ Bxd7
57.Rxd7+ Kg6 58.Rd1 Qc2 59.Rf1 h5 60.e5 h4 61.Nf5 h3  0-1

[Event "Antwerp op"]
[Site "Antwerp"]
[Date "1995.??.??"]
[Round "1"]
[White "Sokolov, Ivan"]
[Black "Gadasi, David"]
[Result "1-0"]
[WhiteElo "2630"]
[BlackElo "2255"]

1.d4 Nf6 2.c4 g6 3.Nc3 Bg7 4.e4 d6 5.Nf3 O-O 6.Be2 Na6 7.O-O e5 8.Re1 Qe8
9.Bf1 Bg4 10.d5 Nh5 11.h3 Bxf3 12.Qxf3 f5 13.exf5 gxf5 14.Be2 Nf6 15.Bd3 f4
16.Bf5 Qh5 17.Qxh5 Nxh5 18.Bc2 Bf6 19.Bd2 Bh4 20.a3 Ng7 21.b4 Nf5 22.Nb5 Bd8
23.a4 Nb8 24.c5 a6 25.Bxf5 Rxf5 26.Nc3 Be7 27.Ne4 Nd7 28.Rac1 Nf6 29.cxd6 Bxd6
30.Nxf6+ Rxf6 31.Re4 Kf7 32.Bc3 Rf5 33.g4 fxg3 34.fxg3 Rg8 35.Kg2 h5 36.Rce1 Rfg5
37.R1e3 Re8 38.Rf3+ Kg6 39.g4 hxg4 40.hxg4 Rh8 41.Bd2  1-0

[Event "ARG-ch"]
[Site "?"]
[Date "1995.??.??"]
[Round "1"]
[White "Panno, Oscar"]
[Black "Giaccio, Alfredo"]
[Result "1-0"]
[WhiteElo "2510"]
[BlackElo "2410"]

1.c4 g6 2.d4 Nf6 3.Nc3 Bg7 4.e4 d6 5.Nf3 O-O 6.Be2 e5 7.Be3 Ng4 8.Bg5 f6
9.Bh4 Nc6 10.d5 Ne7 11.Nd2 f5 12.Bxg4 fxg4 13.Bg5 Rf4 14.Qe2 h6 15.Bxf4 exf4
16.f3 h5 17.fxg4 hxg4 18.h3 g5 19.e5 Nf5 20.Nde4 Bxe5 21.hxg4 Ne3 22.Nf2 c6
23.Rh5 Bd7 24.Qd3 Be8 25.Rh3 Qb6 26.Ncd1 Nxg2+ 27.Kf1 Nh4 28.Qb3 Qa6 29.Kg1 cxd5
30.cxd5 Rc8 31.Nc3 Bg6 32.a4 Rc5 33.Re1 f3 34.Rxe5 dxe5 35.d6+ Bf7 36.d7 Qd6
37.Qxb7 Qd2 38.Qc8+ Kh7 39.Qxc5 Qe1+ 40.Kh2 Qf1 41.Rg3  1-0

[Event "ARG-ch"]
[Site "?"]
[Date "1995.??.??"]
[Round "2"]
[White "Servat, Roberto"]
[Black "Tempone, Marcelo"]
[Result "0-1"]
[WhiteElo "2450"]
[BlackElo "2435"]

1.d4 Nf6 2.c4 d6 3.Nc3 Nbd7 4.e4 e5 5.Nf3 g6 6.Be2 Bg7 7.O-O O-O 8.Re1 c6
9.Bf1 a5 10.Rb1 Re8 11.d5 Nc5 12.b3 Bd7 13.dxc6 Bxc6 14.Bg5 h6 15.Bxf6 Qxf6
16.Qc2 Rec8 17.Rbd1 Bf8 18.Nd5 Qd8 19.g3 Bd7 20.Qd2 Bg7 21.Nc3 Bg4 22.Bg2 a4
23.Qxd6 axb3 24.axb3 Nxb3 25.Qxd8+ Rxd8 26.Rxd8+ Rxd8 27.Nd5 Ra8 28.Ne3 Be6
29.Rb1 Nd4 30.Nxd4 exd4 31.Nd5 d3 32.Nc7 Ra2 33.Nxe6 fxe6 34.Bf1 Bd4 35.Bxd3 Rxf2
36.Kh1 Rd2 37.Bf1 b6 38.h3 Kg7 39.Rb3 Rf2 40.Bg2 Rc2 41.Bf1 Kf6 42.e5+ Kxe5
43.Bd3 Rc1+ 44.Kg2 Bc5 45.Bxg6 Rxc4 46.Kf3 Ra4 47.h4 Ra3 48.Rxa3 Bxa3 49.Bb1 Kd4
50.Ba2 e5 51.Bb1 b5 52.Bg6 Be7 53.Bf5 b4 54.Bg6 Bf6 55.Bc2 Kc3 56.Bb1 b3
57.Kg4 Kb2 58.Be4 Kc1 59.Kf5 Bh8 60.Kg6 b2 61.Kxh6 b1=Q 62.Bxb1  0-1

[Event "ARG-ch"]
[Site "?"]
[Date "1995.??.??"]
[Round "3"]
[White "Ricardi, Pablo"]
[Black "Sorin, Ariel"]
[Result "0-1"]
[WhiteElo "2545"]
[BlackElo "2500"]

1.d4 Nf6 2.c4 g6 3.Nc3 Bg7 4.e4 d6 5.Nf3 O-O 6.Be2 e5 7.O-O Nbd7 8.Qc2 c6
9.Rd1 exd4 10.Nxd4 Re8 11.Bg5 Qa5 12.Bf4 Ne5 13.Qd2 Qc7 14.Rac1 Qe7 15.Nc2 Be6
16.b3 Rad8 17.Bg5 c5 18.Ne3 Qf8 19.f4 Nc6 20.f5 Bc8 21.Bf3 h6 22.Bh4 g5 23.Bg3 Nd4
24.Ned5 b6 25.Nxf6+ Bxf6 26.Nd5 Be5 27.Bxe5 Rxe5 28.Nf6+ Kg7 29.Ng4 f6 30.Qb2 Ree8
31.Rxd4 cxd4 32.Qxd4 h5 33.Ne3 g4 34.Bd1 Bb7 35.Bc2 Qe7 36.Nf1 Bxe4 37.Re1 d5
38.cxd5 Rxd5 39.Qf2 Re5 40.Bxe4 Rxe4 41.Rc1 Re1 42.Rc2 Rd8  0-1

[Event "ARG-ch"]
[Site "?"]
[Date "1995.??.??"]
[Round "12"]
[White "Panno, Oscar"]
[Black "Ricardi, Pablo"]
[Result "1/2-1/2"]
[WhiteElo "2510"]
[BlackElo "2545"]

1.c4 Nf6 2.Nc3 g6 3.e4 d6 4.d4 Bg7 5.Nf3 O-O 6.Be2 e5 7.O-O Na6 8.Re1 c6
9.Rb1 exd4 10.Nxd4 Re8 11.Bf3 Nc5 12.Bf4 Ne6 13.Be3 Nc5 14.Bf4 Ne6 15.Nxe6 Bxe6
16.b3 Nh5 17.Bd2 Nf4 18.Bxf4 Bxc3 19.Re2 Be5 20.Be3 a5 21.Rd2 Qe7 22.g3 a4
23.Bg2 axb3 24.axb3 f5 25.exf5 Bxf5 26.Rc1 Ra3 27.Bd4 Bxd4 28.Rxd4 Qe2 29.Qxe2 Rxe2
30.Bf1 Re7 31.b4 Ra4 32.b5 cxb5 33.Rxd6 bxc4 34.Bxc4+ Kg7 35.Bd3 Bxd3 36.Rxd3 Rb4
37.Kg2  1/2-1/2

[Event "Donau op"]
[Site "Aschach"]
[Date "1995.??.??"]
[Round "1"]
[White "Lehner, Oliver"]
[Black "Karner, Christoph"]
[Result "1-0"]
[WhiteElo "2260"]
[BlackElo "2170"]

1.d4 Nf6 2.c4 g6 3.Nc3 Bg7 4.e4 d6 5.Nf3 O-O 6.Be2 e5 7.Be3 Ng4 8.Bg5 f6
9.Bh4 g5 10.Bg3 Nh6 11.dxe5 fxe5 12.O-O Nc6 13.Ne1 Nd4 14.Nc2 c5 15.Ne3 Be6
16.h3 a6 17.Bg4 Nxg4 18.hxg4 b5 19.b3 Rb8 20.cxb5 axb5 21.Nf5 Rf7 22.Ne2 Bxf5
23.gxf5 b4 24.f3 Ra7 25.Bf2 Rba8 26.Nc1 Qb6 27.Be3 Bf6 28.Rb1 Kh8 29.Rb2 Rd7
30.Nd3 d5 31.Nf2 c4 32.bxc4 dxc4 33.Ng4 c3 34.Rbf2 h5 35.Nxf6 Qxf6 36.Qc1 Rg7
37.g4 h4 38.Kh2 Qe7 39.f4 gxf4 40.Bxd4 exd4 41.Qxf4 d3 42.g5 d2 43.g6 Qd7
44.Qh6+ Kg8 45.f6 Qc7+ 46.Kh1 Rxg6 47.Qxg6+ Kf8 48.Qh6+  1-0

[Event "Donau op"]
[Site "Aschach"]
[Date "1995.??.??"]
[Round "6"]
[White "Karner, Christoph"]
[Black "Piven, Igor"]
[Result "0-1"]
[WhiteElo "2170"]
[BlackElo "2365"]

1.d4 Nf6 2.c4 g6 3.Nc3 Bg7 4.e4 O-O 5.Be2 d6 6.Nf3 Na6 7.O-O e5 8.d5 Nc5
9.Nd2 a5 10.Rb1 Ne8 11.b3 f5 12.a3 Nf6 13.f3 Bd7 14.b4 axb4 15.axb4 Na4 16.Qb3 Bh6
17.Nxa4 Bxa4 18.Qd3 Nh5 19.g3 Qg5 20.Kh1 Nxg3+ 21.hxg3 Qxg3 22.Bd1 Bxd1 23.Rxd1 fxe4
24.Nxe4 Qh3+ 25.Kg1 Bxc1  0-1

[Event "AUT-chT2S 9495"]
[Site "?"]
[Date "1995.??.??"]
[Round "1"]
[White "Titz, Heimo"]
[Black "Mazi, Leon"]
[Result "0-1"]
[WhiteElo "2330"]
[BlackElo "2360"]

1.c4 Nf6 2.Nc3 g6 3.e4 d6 4.d4 Bg7 5.Nf3 O-O 6.Be2 Nbd7 7.O-O e5 8.Be3 h6
9.dxe5 dxe5 10.Qc2 c6 11.Rad1 Qe7 12.a3 Nh5 13.g3 Re8 14.b4 Nf8 15.Nd2 Bh3
16.Rfe1 Ne6 17.Nb3 Nhf4 18.Bf3 Ng5 19.Bh1 Bg4 20.gxf4 exf4 21.f3 Bxf3 22.Bc5 Qe6
23.Bxf3 Nxf3+ 24.Kh1 Nxe1 25.Rxe1 Qxc4 26.Rc1 Bxc3 27.Nd2 Qe2 28.Qxc3 Rad8
29.Nf1 Qxe4+ 30.Kg1 Re5 31.h4 Rd3 32.Qc2 Qf3 33.Qg2 Qh5 34.Bf2 Re2 35.Rc5 Qf3
36.Rc1 Qxg2+ 37.Kxg2 Rxa3 38.Kg1 Raa2 39.Bc5 Rg2+ 40.Kh1 Rg4 41.Be7 g5 42.hxg5 hxg5
43.Rd1 Rc2 44.Bc5 b6 45.Bd6 Rh4+ 46.Kg1 f3 47.Bh2 g4 48.Rd7 f5 49.Bg3 Rh6
50.Bf4 Re6 51.Rd1 Re4 52.Bb8 f4 53.Rd6 g3  0-1

[Event "AUT-chT2S 9495"]
[Site "?"]
[Date "1995.??.??"]
[Round "2"]
[White "Altrichter, U."]
[Black "Scheck, Rudolf"]
[Result "1/2-1/2"]
[WhiteElo "2135"]
[BlackElo "2215"]

1.c4 g6 2.Nf3 Bg7 3.d4 d6 4.Nc3 Nf6 5.e4 O-O 6.Be2 e5 7.Be3 exd4 8.Nxd4 c6
9.Qd2 Re8 10.f3 d5 11.exd5 cxd5 12.Bf2 dxc4 13.O-O-O Nc6 14.Bxc4 Nxd4 15.Bxd4 Be6
16.Bxe6 Rxe6 17.Qf2 Qa5 18.Kb1 Ra6 19.a3 Rd8 20.Rhe1 Ne8 21.Bxg7 Kxg7 22.Rxd8 Qxd8
23.Rd1 Qb6 24.Qxb6 Rxb6 25.Ne4 h5 26.Rd8 Nf6 27.Nxf6 Kxf6 28.Rd7 Ke6 29.Rc7 f6
30.Rh7 Kf5 31.Kc2 Kf4 32.Re7 f5 33.b4 a5 34.bxa5 Rb5 35.Kc3 g5 36.Rg7 Rxa5
37.Kb4 Re5 38.g3+ Kxf3 39.Rxg5 h4 40.gxh4 Kf4 41.Rg7 Re2 42.h3 Rh2 43.a4 Rxh3
44.Rxb7 Rxh4 45.a5 Rh1 46.a6 Ra1 47.a7 Ke3 48.Kc3 f4 49.Kb2 Ra6 50.Rb3+ Ke2
51.Ra3 Rxa7 52.Rxa7 f3 53.Re7+ Kd2 54.Rf7 Ke2 55.Kc2 f2  1/2-1/2

[Event "AUT-chT2S 9495"]
[Site "?"]
[Date "1995.??.??"]
[Round "3"]
[White "Wilfling, Hermann"]
[Black "Fassl, Erich"]
[Result "1/2-1/2"]
[WhiteElo "2130"]
[BlackElo "2255"]

1.d4 Nf6 2.c4 g6 3.Nc3 Bg7 4.e4 d6 5.Nf3 O-O 6.Be2 e5 7.d5 Na6 8.O-O Nc5
9.Qc2 a5 10.Be3 Nfd7 11.a3 f5 12.exf5 gxf5 13.b4 axb4 14.axb4 Rxa1 15.Rxa1 Na6
16.Rb1 Qe7 17.Ng5  1/2-1/2

[Event "AUT-chT2S 9495"]
[Site "?"]
[Date "1995.??.??"]
[Round "5"]
[White "Schweda, Roland"]
[Black "Hazai, Laszlo"]
[Result "1/2-1/2"]
[WhiteElo "2325"]
[BlackElo "2475"]

1.d4 Nf6 2.Nf3 g6 3.c4 Bg7 4.Nc3 O-O 5.e4 d6 6.Be2 e5 7.d5 a5 8.Bg5 h6 9.Bh4 Na6
10.Nd2 Qe8 11.a3 Bd7 12.b3 Nh7 13.f3 h5 14.Rb1 Bh6 15.Bf2 Nc5 16.Qc2 Qe7
17.b4 axb4 18.axb4 Na4 19.Nb5 c6 20.Na7 cxd5 21.exd5 f5 22.O-O e4 23.fxe4 fxe4
24.Bd4 Bg7 25.Be3 Nc3 26.Rbe1 Be5 27.Rxf8+ Rxf8 28.Nf1 Qh4 29.Qd2 Nf6 30.Bf2  1/2-1/2

[Event "AUT-chT2S 9495"]
[Site "?"]
[Date "1995.??.??"]
[Round "6"]
[White "Fassl, Erich"]
[Black "Ebner, Walter"]
[Result "0-1"]
[WhiteElo "2255"]
[BlackElo "2235"]

1.d4 Nf6 2.c4 g6 3.Nc3 Bg7 4.e4 d6 5.Nf3 O-O 6.Be2 Nbd7 7.O-O e5 8.Qc2 Re8
9.Rd1 c6 10.d5 cxd5 11.cxd5 a6 12.b4 Nf8 13.Nd2 Bg4 14.f3 Bd7 15.Nc4 b5 16.Na5 Qb6+
17.Kh1 Rac8 18.Rd3 Nh5 19.Be3 Qd8 20.g3 f5 21.Kg2 f4 22.Bf2 fxg3 23.hxg3 Qg5
24.Kh2 Qh6 25.Kg1 g5 26.Qd2 Qg6 27.Kh2 g4 28.fxg4 Nf6 29.g5 Nxe4 30.Nxe4 Qxe4
31.Bh5 Ng6 32.Re1 Qf5 33.g4 Qf4+ 34.Qxf4 exf4 35.Rxe8+ Bxe8 36.Kg2 Rc2 37.Rf3 Bf7
38.Bxg6 Bxg6 39.Rxf4 Be5 40.Rf6  0-1

[Event "AUT-chT9495"]
[Site "?"]
[Date "1995.??.??"]
[Round "?"]
[White "Loebler, Heimo"]
[Black "Herzog, Adolf"]
[Result "0-1"]
[WhiteElo "2285"]
[BlackElo "2400"]

1.Nf3 Nf6 2.c4 g6 3.Nc3 Bg7 4.e4 d6 5.d4 O-O 6.Be2 e5 7.d5 a5 8.Bg5 h6 9.Bh4 Qe8
10.Nd2 Na6 11.O-O Nh7 12.Kh1 Bd7 13.a3 f5 14.exf5 gxf5 15.f4 e4 16.Bh5 Qc8
17.Rc1 Nc5 18.Be2 a4 19.Bf2 b6 20.Be3 Qe8 21.Qc2 Nf6 22.Nd1 Qg6 23.Nf2 Rae8
24.Rg1 h5 25.g3 Ng4 26.Nxg4 fxg4 27.Rb1 Bf5 28.b4 axb3 29.Nxb3 Nd3 30.a4 h4
31.Kg2 Qh6 32.Rh1 Ra8 33.Nd4 Bxd4 34.Bxd4 h3+ 35.Kf1 Bd7 36.Bxd3 exd3 37.Qxd3 Bf5
38.Qd1 Bxb1 39.Qxb1 Rxa4 40.Kf2 Qh7 41.Qxh7+ Kxh7 42.Re1  0-1

[Event "AUT-chT9495"]
[Site "?"]
[Date "1995.??.??"]
[Round "?"]
[White "Kaspret, Guido"]
[Black "Stanec, Nikolaus"]
[Result "0-1"]
[WhiteElo "2310"]
[BlackElo "2450"]

1.d4 Nf6 2.Nf3 g6 3.c4 Bg7 4.Nc3 O-O 5.e4 d6 6.Be2 e5 7.dxe5 dxe5 8.Qxd8 Rxd8
9.Bg5 c6 10.Nxe5 Re8 11.O-O-O Na6 12.Rd6 Be6 13.f4 Nc5 14.Bf3 h6 15.Bh4 Nh5
16.Bxh5 gxh5 17.b3 b5 18.b4 Bxe5 19.fxe5 Nd7 20.Bg3 h4 21.Bf4 a5 22.cxb5 cxb5
23.Nd5 axb4 24.Rxd7 Bxd7 25.Nf6+ Kg7 26.Nxe8+ Bxe8 27.Kb1 Bd7 28.Rd1 Be6
29.Rd2 b3 30.axb3 Bxb3 31.Rd3 Be6 32.Be3 Kg6 33.Bc1 Ra4 34.Rf3 h5 35.Rf6+ Kg7
36.Rf4 b4 37.Rxh4 b3 38.Rxh5 Rxe4 39.Rg5+ Kf8 40.Rg3 Re2 41.Rf3 Rxg2 42.Ba3+ Ke8
43.Rf1 Rxh2 44.Bb2 Bd5 45.Rd1 Be4+ 46.Ka1 Ke7 47.Re1 Bd5 48.Rg1 Re2 49.Kb1 Bc4
50.Rc1 Bd3+ 51.Ka1 Ke6 52.Rd1 Bc4  0-1

[Event "AUT-chT9495"]
[Site "?"]
[Date "1995.??.??"]
[Round "?"]
[White "Titz, Heimo"]
[Black "Freitag, Manfred"]
[Result "1-0"]
[WhiteElo "2345"]
[BlackElo "2290"]

1.c4 Nf6 2.Nf3 g6 3.Nc3 Bg7 4.e4 d6 5.d4 O-O 6.Be2 e5 7.Be3 exd4 8.Nxd4 Re8
9.f3 c6 10.Bf2 d5 11.exd5 cxd5 12.c5 Nc6 13.O-O Qe7 14.Re1 Bd7 15.a3 Rad8
16.b4 Qf8 17.Ncb5 Nxd4 18.Nxd4 Nh5 19.g3 Bf6 20.Qd2 Ng7 21.Rac1 Nf5 22.Nxf5 Bxf5
23.c6 bxc6 24.Rxc6 Qg7 25.Rc7 Be5 26.Rc5 Be6 27.a4 h5 28.b5 d4 29.Bc4 Bf6
30.Bxe6 Rxe6 31.Rxe6 fxe6 32.Qd3 e5 33.Rc6 Qf7 34.Be1 Rd7 35.Bd2 Kh7 36.Qc4 Qxc4
37.Rxc4 g5 38.a5 Kg6 39.Kf2 g4 40.Rc5 gxf3 41.Kxf3 Kf5 42.h3 Be7 43.g4+ hxg4+
44.hxg4+ Ke6 45.Rc8 Kd5 46.b6 axb6 47.axb6 e4+ 48.Ke2 Bd6 49.g5 e3 50.Be1 Ke4
51.Re8+ Be5 52.Bg3 d3+ 53.Kd1 d2 54.Rxe5+ Kf3 55.g6 Rd4 56.Be1 dxe1=Q+ 57.Kxe1 Rb4
58.Rf5+ Ke4 59.g7 Rb1+ 60.Ke2 Rb2+ 61.Kf1 Rb1+ 62.Kg2 Rb2+ 63.Kh3 Rxb6 64.g8=Q Kxf5
65.Qd5+  1-0

[Event "AUT-chT9495"]
[Site "?"]
[Date "1995.??.??"]
[Round "?"]
[White "Frosch, Erich"]
[Black "Schumi, Manfred"]
[Result "1-0"]
[WhiteElo "2280"]
[BlackElo "2230"]

1.d4 Nf6 2.Nf3 g6 3.c4 Bg7 4.Nc3 O-O 5.e4 d6 6.Be2 e5 7.O-O Na6 8.d5 Nc5
9.Qc2 a5 10.h3 Nh5 11.Re1 f5 12.Bf1 Bd7 13.Be3 b6 14.a3 a4 15.Bxc5 bxc5 16.b4 axb3
17.Qxb3 Bh6 18.a4 Rb8 19.Qa3 fxe4 20.Nxe4 Rb4 21.a5 Qa8 22.Qc3 Ba4 23.Ra3 Rfb8
24.Rea1 Rb3 25.Qe1 Rxa3 26.Rxa3 Rb4 27.Nxe5 Qxa5 28.Nc6 Qa8 29.Nxb4 cxb4
30.Qxb4 Qe8 31.Qxa4 Qxe4 32.Qa8+ Bf8 33.Re3 Qd4 34.Rf3 Qg7 35.Qe8 Qe7 36.Qxe7 Bxe7
37.Rb3 Kf7 38.Be2 Nf6 39.f4 Nd7 40.g4 Nc5 41.Ra3 Bf6 42.Kg2 Ke7 43.g5 Bd4
44.Bg4 Ne4 45.h4 Bc5 46.Ra8 Nf2 47.Be6 Nd3 48.Kf3  1-0

[Event "AUT-chT9495"]
[Site "?"]
[Date "1995.??.??"]
[Round "?"]
[White "Freitag, Manfred"]
[Black "Kraschl, Joerg"]
[Result "0-1"]
[WhiteElo "2290"]
[BlackElo "2280"]

1.d4 Nf6 2.c4 g6 3.Nc3 Bg7 4.e4 d6 5.Nf3 O-O 6.Be2 e5 7.d5 a5 8.Bg5 h6 9.Bh4 Na6
10.Nd2 Qe8 11.O-O Nh7 12.Kh1 h5 13.f3 Bh6 14.a3 Bd7 15.b3 Be3 16.Qc2 f5 17.exf5 gxf5
18.Rae1 Kh8 19.Nd1 Bc5 20.Qc1 Qg6 21.Bf2 Rg8 22.Rg1 Nf6 23.Bxc5 Nxc5 24.b4 axb4
25.axb4 Na6 26.Qc3 Qh6 27.Ref1 f4 28.Ne4 Nxe4 29.fxe4 h4 30.h3 Rg3 31.Rf3 Rag8
32.Nf2 Qg5 33.Ng4 Rg6 34.Rgf1 Qh5 35.Qb2 Bxg4 36.hxg4 Qxg4 37.Rc3 Qg5 38.Bf3 Nxb4
39.Rb3 h3 40.Rxb4 hxg2+ 41.Bxg2 Rxg2  0-1

[Event "AUT-chT2S 9596"]
[Site "AUT"]
[Date "1995.??.??"]
[Round "?"]
[White "Singer, Richard"]
[Black "Ebner, Walter"]
[Result "1-0"]
[WhiteElo "2160"]
[BlackElo "2185"]

1.d4 Nf6 2.c4 g6 3.Nc3 Bg7 4.e4 d6 5.Nf3 O-O 6.Be2 e5 7.O-O Nbd7 8.Be3 Re8
9.d5 a5 10.Nd2 h5 11.a3 Nf8 12.f3 N8h7 13.Rc1 h4 14.c5 dxc5 15.Bxc5 Bh6 16.Bf2 Nh5
17.Rc2 Nf4 18.Kh1 Qg5 19.Rg1 c6 20.Bc4 Nf6 21.Qe1 h3 22.g3 Ng2 23.Qe2 Qh5
24.Rd1 b5 25.Bd3 b4 26.Na4 cxd5 27.Nb6 Rb8 28.exd5 Bf5 29.Ne4 Nxe4 30.Bxe4 Bxe4
31.fxe4 Qg5 32.axb4 axb4 33.Rc7 Rbd8 34.Qf3 f5 35.d6 Rf8 36.exf5 Rxf5 37.Qb3+ Kh8
38.Bg1 Qg4 39.Qd5 e4 40.Bd4+ Bg7 41.Bxg7+ Kh7 42.Bf8+  1-0

[Event "AUT-chT2S 9596"]
[Site "AUT"]
[Date "1995.??.??"]
[Round "?"]
[White "Plesec, Damjan"]
[Black "Gazik, Igor"]
[Result "1-0"]
[WhiteElo "2305"]
[BlackElo "2385"]

1.Nf3 Nf6 2.c4 g6 3.Nc3 Bg7 4.e4 d6 5.d4 O-O 6.Be2 e5 7.dxe5 dxe5 8.Qxd8 Rxd8
9.Bg5 Re8 10.Nd5 Nxd5 11.cxd5 c6 12.Bc4 b5 13.Bb3 Bb7 14.Rc1 Rc8 15.Be3 Nd7
16.dxc6 Rxc6 17.Rxc6 Bxc6 18.Ng5 Rf8 19.O-O Nb6 20.Bc5 Nc4 21.Bxf8 Kxf8 22.Bxc4 bxc4
23.Rc1 Bb5 24.Rc2 Ke7 25.Nf3 f5 26.Nd2 fxe4 27.Nxc4 a6 28.b3 Ke6 29.a4 Be8
30.Nd2 Kf5 31.Rc8 Bh6 32.Nxe4 Kxe4 33.Rxe8 Bd2 34.Kf1 a5 35.Ke2 Bb4 36.Rb8 Bd6
37.Rc8 Bb4 38.Rc4+ Kd5 39.Rxb4 axb4 40.Ke3  1-0

[Event "AUT-chT2S 9596"]
[Site "AUT"]
[Date "1995.??.??"]
[Round "?"]
[White "Singer, Richard"]
[Black "Nickl, Klaus"]
[Result "1-0"]
[WhiteElo "2170"]
[BlackElo "2185"]

1.d4 Nf6 2.c4 g6 3.Nc3 Bg7 4.e4 d6 5.Nf3 O-O 6.Be2 e5 7.d5 a5 8.Bg5 h6 9.Bh4 Na6
10.Nd2 Qe8 11.O-O h5 12.f3 Nh7 13.g4 Bh6 14.Kh1 Kh8 15.Rg1 Be3 16.Rg2 f5
17.gxf5 gxf5 18.f4 Bxf4 19.Bxh5 Qd7 20.Bg6 Qg7 21.exf5 Qh6 22.Qg4 Bxd2 23.Rag1 Bxc3
24.Bf7 Ng5 25.Bxg5 Bxf5 26.Qxf5 Rxf7 27.Qxf7 Rf8 28.Bf6+ Qxf6 29.Rg8+ Rxg8
30.Rxg8+  1-0

[Event "AUT-chT2O 9596"]
[Site "AUT"]
[Date "1995.??.??"]
[Round "4"]
[White "Wukits, Rene"]
[Black "Neumeier, Klaus"]
[Result "1-0"]
[WhiteElo "2280"]
[BlackElo "2305"]

1.d4 Nf6 2.Nf3 d6 3.c4 g6 4.Nc3 Bg7 5.e4 O-O 6.Be2 e5 7.d5 a5 8.O-O Na6 9.Qc2 Nc5
10.Bg5 h6 11.Be3 Nfd7 12.Nd2 f5 13.exf5 gxf5 14.f4 exf4 15.Bxf4 Ne5 16.Rae1 Ng6
17.Be3 Qf6 18.Kh1 b6 19.Nf3 f4 20.Bd4 Qf7 21.Qd2 Bd7 22.Bd1 Rae8 23.Bc2 Rxe1
24.Rxe1 Bg4 25.a3 Bxf3 26.gxf3 Bxd4 27.Qxd4 Ne5 28.Rg1+ Kh8 29.Rg6 h5 30.Rh6+ Kg8
31.b4 axb4 32.axb4 Qg7 33.Rh7 Qg5 34.bxc5 Rf7 35.Rxf7 Kxf7 36.cxd6 cxd6 37.Ne4 Qh4
38.Nxd6+ Kf6 39.Ne8+ Kf7 40.Qxe5 Qf2 41.Bg6+  1-0

[Event "AUT-chT2O 9596"]
[Site "AUT"]
[Date "1995.??.??"]
[Round "5"]
[White "Thallinger, Harald"]
[Black "Humer, Wolfgang"]
[Result "0-1"]
[WhiteElo "2360"]
[BlackElo "2285"]

1.d4 Nf6 2.c4 d6 3.Nf3 g6 4.Nc3 Bg7 5.e4 O-O 6.Be2 Nbd7 7.O-O e5 8.d5 Nc5
9.Nd2 a5 10.b3 Bh6 11.Qc2 Kh8 12.a3 Ng8 13.Rb1 f5 14.f3 Be3+ 15.Kh1 Qh4 16.g3 Qh3
17.b4 f4 18.g4 axb4 19.axb4 Na6 20.Nd1 h5 21.gxh5 Nf6 22.Nxe3 fxe3 23.b5 Nc5
24.Nb3 Ng4  0-1

[Event "AUT-chT2O 9596"]
[Site "AUT"]
[Date "1995.??.??"]
[Round "7"]
[White "Danner, Georg"]
[Black "Hangweyrer, Manfred"]
[Result "1/2-1/2"]
[WhiteElo "2390"]
[BlackElo "2260"]

1.d4 Nf6 2.Nf3 g6 3.c4 Bg7 4.Nc3 O-O 5.e4 d6 6.Be2 e5 7.O-O exd4 8.Nxd4 Re8
9.f3 Nc6 10.Nxc6 bxc6 11.Bg5 h6 12.Bh4 Be6 13.Qc2 Qb8 14.Rad1 Nh5 15.Rfe1 Qb4  1/2-1/2

[Event "AUT-chT2O 9596"]
[Site "AUT"]
[Date "1995.??.??"]
[Round "7"]
[White "Thallinger, Harald"]
[Black "Weber, Gerold"]
[Result "1/2-1/2"]
[WhiteElo "2360"]
[BlackElo "2350"]

1.d4 Nf6 2.c4 g6 3.Nc3 Bg7 4.e4 d6 5.Be2 O-O 6.Nf3 e5 7.O-O exd4 8.Nxd4 Re8
9.f3 Nh5 10.g4 Nf6 11.Be3 h5 12.g5 Nh7 13.h4 Nd7 14.Qd2 Ne5 15.Rf2 Bd7 16.Rd1 a6
17.Nb3 b6 18.Nd5 Rb8 19.Bd4 c6 20.Ne3 c5 21.Bxe5 Bxe5 22.f4 Bg7 23.e5 Bf8
24.exd6 Re4 25.Bd3 Re6 26.f5 Rxd6 27.Nd5 b5 28.Qf4 Be8 29.Nd2 Rxd5 30.cxd5 c4
31.Bc2 Bc5 32.Nf3 Bxf2+ 33.Kxf2 Qb6+ 34.Kg3 Rd8 35.d6 Nf8 36.Be4 Bc6 37.Bxc6 Qxc6
38.Ne5 Qe8 39.d7 Qe7 40.Nc6 Qe2  1/2-1/2

[Event "Azov"]
[Site "Azov"]
[Date "1995.??.??"]
[Round "2"]
[White "Poluljahov, Aleksandr"]
[Black "Galkin, Alexander"]
[Result "1/2-1/2"]
[WhiteElo "2450"]
[BlackElo "2415"]

1.Nf3 Nf6 2.c4 g6 3.Nc3 Bg7 4.e4 d6 5.d4 O-O 6.Be2 e5 7.d5 a5 8.h3 Na6 9.Bg5 Nc5
10.Nd2 h6 11.Be3 Ne8 12.g4 f5 13.gxf5 gxf5 14.exf5 Bxf5 15.Nb3 Ne4 16.Nxe4 Bxe4
17.Rg1 Qf6 18.Nd2 Bf5 19.Bg4 a4 20.Bxf5  1/2-1/2